000 00586nam a2200205Ia 4500
005 20250508150510.0
008 008 250505s9999 xx 000 0 eng d
037 _aTextual
040 _aFEDL
_beng
_cFEDL
041 _aeng
_2eng
084 _a510.7, YOU
_qFEDL
100 _aYoung John Wesley
245 0 _aFundamental concepts of algebra and geometry
260 _aNew York, USA
_bThe Macmillan Company
_c1911
300 _avii,247p
365 _aINR
_b15
650 _aMathematics - Teaching
_9756825
942 _cTEXL
_h510.7, YOU
999 _c1323918
_d1323918